Flags With Blue - Sudden Death - Statistics

General Stats
  • This quiz has been taken 35 times
    26 since last reset
  • The average score is 9 of 14
Answers on the Grid
Answers color-coded by a green-red scale on the quiz's grid according to % correct below.
United States of America
Lesotho
Ghana
Djibouti
Nigeria
Tanzania
Israel
Iran
Belgium
Luxembourg
Monaco
Sweden
Mongolia
Bhutan
Belarus
Kosovo
Taiwan
East Timor
Vanuatu
Canada
Suriname
Antigua and Barbuda
North Korea
Singapore
Eritrea
Tunisa
Qatar
Sierra Leone
Benin
Sudan
 
Answer Stats
Answer % Correct
United States of America
100%
Israel
86%
Luxembourg
81%
Sweden
81%
North Korea
71%
Kosovo
67%
Lesotho
62%
Mongolia
62%
Taiwan
62%
Tanzania
52%
Djibouti
48%
Sierra Leone
43%
Antigua and Barbuda
38%
Eritrea
38%
No matching quizzes found
Score Distribution
Percent of People with Each Score
Percentile by Number Answered
Your Score History
You have not taken this quiz since the last reset